Further steps in english: libro de lectura, gramática y vocabulario, para la enseñanza práctica del inglés correspondiente al IV año de humanidades

Guardado en:
Detalles Bibliográficos
Autor principal: Flores, Maximiano (Autor)
Formato: Libro
Lenguaje:inglés
español
Publicado: Santiago Universitaria 1925
Edición:2a. ed
Materias:
Etiquetas: Agregar Etiqueta
Sin Etiquetas, Sea el primero en etiquetar este registro!

MARC

LEADER 00000nam a2200000 a 4500
001 UCZ8682
003 CL-VaPUC
008 960125e19250000CL |||||||||||||||||eng|d
041 0 7 |a eng  |2 CL-VaPUC 
041 0 7 |a spa  |2 CL-VaPUC 
082 0 4 |a 372.65  |b FLO  |2 21 
100 0 |a Flores, Maximiano  |e author  |9 354062 
245 1 0 |a Further steps in english: libro de lectura, gramática y vocabulario, para la enseñanza práctica del inglés correspondiente al IV año de humanidades 
250 |a 2a. ed 
300 |a 143 p 
942 |c BK 
945 |d 19960125 00:00:00  |a cmena 
260 |a Santiago  |b Universitaria  |c 1925 
650 0 |a Inglés  |9 260023 
650 0 |a Educación lingüística  |9 306506 
650 7 |a LENGUAS GERMANICAS  |2 CL-VaPUC  |9 354027 
650 0 |a Lectura  |9 307634 
650 0 |a Enseñanza de la lectura  |9 308364 
650 0 |a Gramática  |9 270497 
650 0 |a Glosarios  |9 261047 
583 |a last modification  |c 19960125 00:00:00  |k Rodrigo Vera 
999 |c 244533  |d 244531 
952 |0 0  |1 0  |4 0  |6 372_650000000000000_FLO_1925  |7 0  |8 P  |9 258620  |a BIBEDU  |b BIBEDU  |c BIBEDU_PB  |d 2019-11-19  |i 1618075  |o 372.65 FLO 1925  |p 1618075  |r 2024-01-25  |w 2019-11-19  |y BK  |k EDU